Alumbrado por el relámpago: Gonzalo Rojas y su poesía

Kaydedildi:
Detaylı Bibliyografya
Müşterek Yazar: Consejo Nacional de la Cultura y las Artes (Yazar)
Materyal Türü: Kitap
Dil:İspanyolca
Baskı/Yayın Bilgisi: Santiago Consejo Nacional de la Cultura y las Artes 2017
Edisyon:1a. ed
Seri Bilgileri:Cuaderno Pedagógico
Konular:
Etiketler: Etiketle
Etiket eklenmemiş, İlk siz ekleyin!

MARC

LEADER 00000cam a2200000 a 4500
001 UCC1690
003 CL-VaPUC
008 171117e20170000cl |||||||||||||||||spa|d
020 |a 9789563522235 
082 0 4 |a Ch861.9  |b CON  |2 21 
110 2 |a Consejo Nacional de la Cultura y las Artes  |e author  |9 595734 
245 1 0 |a Alumbrado por el relámpago: Gonzalo Rojas y su poesía 
250 |a 1a. ed 
300 |a 139 p 
942 |c BK 
945 |d 20171117 16:06:00  |a arojas 
260 |a Santiago  |b Consejo Nacional de la Cultura y las Artes  |c 2017 
500 |a Incluye cd 
600 0 7 |a ROJAS, GONZALO  |2 CL-VaPUC  |9 319345 
650 0 |a Poesía chilena   |9 268403 
650 0 |a Historia y crítica   |9 257407 
650 0 |a Crítica e interpretación   |9 255042 
583 |a last modification  |c 20190319 01:01:21  |k Rodrigo Vera 
490 0 |a Cuaderno Pedagógico 
999 |c 370085  |d 370083 
952 |0 0  |1 0  |3 erb  |4 0  |6 CH_861_900000000000000_CON_2017  |7 0  |8 R  |9 486386  |a BIBEDU  |b BIBEDU  |i 5537320  |o Ch861.9 CON 2017  |p 5537320  |r 2023-01-12  |w 2019-11-24  |y BK_R  |z Catalogado en:20190322  |k MUS